Historial de verdades católicas contra ficcciones judaicas origen de la gente de la nación hebrea

Detalles Bibliográficos
Formato: Libro
Publicado: Castilla, s.f.
Materias:
Colección:Banco de datos
Acervo:Biblioteca Palafoxiana. Colección de Manuscritos
Descripción Física:11 f. ; 21 x 31.3 cm.
Tema general:Eclesiástica
LEADER 00410nam a22001330004500
035 |a 23 
245 1 0 |a Historial de verdades católicas contra ficcciones judaicas origen de la gente de la nación hebrea 
260 |a Castilla, s.f. 
300 |a 11 f. ; 21 x 31.3 cm. 
650 1 0 |a Eclesiástica 
949 |a 09594/003 
942 |c PALAMANU 
943 |g Biblioteca Palafoxiana. Colección de Manuscritos 
999 |c 1067968  |d 1067968